000 01252cam a2200133 4500500
005 20251214002832.0
041 _afre
042 _adc
100 1 0 _aScheinfeigel, Maxime
_eauthor
245 0 0 _aRêves et cauchemars au cinéma
260 _bArmand Colin,
_c2012.
520 _aImages oniriques, images filmiques : la proximité entre les deux dispositifs qui les produisent s’est inscrite en profondeur dans l’histoire du cinéma. Depuis toujours, en effet, des films se pensent comme les rêves se forment. Quand naissait le cinéma, Freud analysait les mécanismes de la formation des images de rêve. Aujourd’hui, des neurobiologistes montrent comment l’activité onirique est une des aventures de la vie mentale. Ainsi pourra-t-on entrer au pays des rêves et des cauchemars du cinéma en leur compagnie. Des films d’époques et d’origines très variées jalonnent ce parcours. Leurs réalisateurs (Mosjoukine, Laughton, Lang, Welles, Hitchcock, Bergman, Kobayashi, Fellini, Bunuel, Gilliam, De Oliveira, Nolan…) ont tous célébré à leur manière les noces séculaires du cinéma et de l’onirisme.
856 4 1 _uhttps://shs.cairn.info/reves-et-cauchemars-au-cinema--9782200276157?lang=fr&redirect-ssocas=7080
999 _c1567537
_d1567537